000 00832nam a2200265Ia 4500
003 OSt
005 20221005033940.0
006 a|||||r|||| 00| 0
007 ta
008 221004b |||||||| |||| 00| 0 hin d
020 _a8178540606
_c300
024 _a83457
037 _b584, 30/03/2005, Eastern Book Linkers
_cTextual
040 _aCRL
_cCRL
_bhin
041 _2hin
_ahin
082 _aO152,1:g(P:75), P5
100 _aRam Pratap
_9398966
245 0 _aMammatottarayuga mein bhratiya kavyashastra mein nutana avadharanaen
260 _aDelhi
_bEastern Book Linkers India
_c2005
300 _a171p.
_ccm.
650 _a ENGLISH LITERATURE
650 _aHINDI POETRY
_97134
942 _hO152,1:g(P:75), P5
_cTEXL
_2cc
999 _c942358
_d942358